Statistiques concernant Races de chats

Cliquez ici pour prendre le quiz!

Statistiques générales

  • Ce quiz a été pris 181 fois
  • Le résultat moyen est 14 sur 54

Statistiques - réponses

Races de chats% Correct
Siamois
83%
European shorthair
74%
Persan
74%
Maine coon
61%
Sphynx
61%
Chartreux
58%
Bengal
57%
Sacré de Birmanie
55%
Angora turc
52%
Thai
51%
Abyssin
46%
Norvégien
42%
Bleu russe
40%
British
40%
Savannah
35%
Ragdoll
34%
Scottish fold
31%
Sibérien
28%
Manx
24%
Bombay
22%
Devon rex
22%
Munchkin
21%
Oriental
21%
Somali
21%
American curl
19%
Balinais
19%
Burmese
19%
American shorthair
18%
Mau égyptien
17%
Korat
16%
Cornish rex
15%
Japanese bobtail
15%
Turc de Van
15%
Ocicat
14%
Tonkinois
13%
American bobtail
12%
Peterbald
12%
Exotic shorthair
11%
Singapura
11%
Snowshoe
11%
Burmilla
10%
Havana brown
9%
Laperm
9%
Pixie bob
9%
Selkirk rex
9%
Toyger
9%
Chausie
8%
Donskoy
8%
Lykoï
8%
York chocolat
6%
Ceylan
5%
German rex
5%
Sokoke
5%
Kurilian bobtail
1%

Distribution des résultats

Percentile par nombre de réponses

% des personnes avec chaque résultat

Votre développement - résultats

Vous n’avez pas pris ce quiz